LEADER 01043nam a2200241 4500 001 000000351550 003 CaOOAMICUS 005 20230220160904.0 008 220914s2022 it 000 u ita r 040 $aSeMil$bita 100 1 $aRadaelli, Ferdinando.$0(OLS)http://semarc/name/58791 245 10$aAmordeloin :$b(Amor de Loinngh) /$cFerdi Radaelli. 264 1$a[S.l.] :$bEdizioni del Vento,$cstampa 2022. 300 $a1v. (senza paginazione) ;$c21 cm 500 $aSul front.: Ad Crucem Sed Crucem, 12 Giugno 2022 541 0 $aOmaggio mons. Mario Delpini (5B III 65/4) 850 $aSeMil 852 $aSeMil$W1$xVenegono$y1$m5B III 65/4$j237377$B242746$CSeMilBibl$Z2$F242746 $81 941 1 $a7 961 $aOmaggio mons. Mario Delpini. -- Con dedica autografa dell'autore (Ferdi Redaelli) a mons. Mario Delpini (14 Giugno 2022) 996 $6245$aAmordeloin :$b(Amor de Loinngh)$9(OLS)http://semarc/title/441344 996 $6264$a[S.l.] :$bEdizioni del Vento$9(OLS)http://semarc/publisher/60643 LEADER 01198nas a2200241 4500 001 000000352551 003 CaOOAMICUS 005 20221221123803.0 008 221221c20009999be uu 0 0eng r 022 $a2736-6901 040 $aSeMil$bita 245 00$aBrepols library of Christian sources :$bpatristic & medieval texts with english translation$h[generale di collana] /$cThomas O'Loughlin, director. 264 1$aTurnhout :$bBrepols,$c2021- 300 $av. ;$c24 cm 362 0 $a1(2021)- 700 1 $aO'Loughlin, Thomas,$d<1958- >.$0(OLS)http://semarc/name/93048 830 0$aBrepols library of Christian sources.$0(OLS)http://semarc/title/437055 850 $aSeMil 852 $aSeMil$W1$xVenegono$y1$mVedi "Titolo uniforme di collana" per le collocazioni dei singoli volumi$j222888$qSottoscrizione meritevole$B243756$CSeMilBibl$Z2$F243756 $81 996 $6022$a2736-6901$9(OLS)http://semarc/number/297342 996 $6245$aBrepols library of Christian sources :$bpatristic & medieval texts with english translation$h[generale di collana]$9(OLS)http://semarc/title/442417 996 $6264$aTurnhout :$bBrepols$9(OLS)http://semarc/publisher/29626 LEADER 00985nam a2200229 i 4500 001 000000062799 003 CaOOAMICUS 005 20130328000000.0 008 130328s1954 fr u000 u fre u 013 $a33971 040 $aSeMil$bita 100 1 $aRoques, René <1917- >.$0(OLS)http://semarc/name/31771 245 12$aL'univers dionysien :$bstructure hiérarchique du monde selon le pseudo-Denys /$cRené Roques. 260 $aParis :$bMontaigne,$ccopyr. 1954. 300 $a383 p. ;$c23 cm. 490 0 $aThéologie ;$v29 600 04$aDionigi : Areopagita .$0(OLS)http://semarc/subject/44707 830 0$aThéologie ;$v29.$0(OLS)http://semarc/title/426 850 $aSeMil 852 $aSeMil$W1$xVenegono$y1$m2M II 79$j28952$B28952$CSeMilBibl$Z2$F28955 $81 996 $6245$aL'univers dionysien :$bstructure hiérarchique du monde selon le pseudo-Denys$9(OLS)http://semarc/title/98938 996 $6260$aParis :$bMontaigne$9(OLS)http://semarc/publisher/35595